Missing Word: 'V' Movies Quiz Stats

 Plays Quiz Updated Apr 22, 2016

Challenge
Share
Tweet
Embed
Score 0/20 Timer 03:00
0 Plays Today
Movie Title & Year 'V' Word % Correct
____ Las Vegas (1964)Viva
97.9%
The Da _____ Code (2006)Vinci
97.7%
Kramer ___ Kramer (1979)vs.
96.6%
What Happens in ____ (2008)Vegas
95.6%
Good Morning, _______ (1987)Vietnam
94.2%
National Lampoon's Christmas ________ (1989)Vacation
94.1%
A ____ Brady Sequel (1996)Very
91.8%
V for ________ (2006)Vendetta
91.3%
_______ Sky (2001)Vanilla
86.9%
Abraham Lincoln: _______ Hunter (2012)Vampire
86.7%
Movie Title & Year 'V' Word % Correct
A ____ to a Kill (1985)View
85.5%
The Legend of Bagger _____ (2000)Vance
84.3%
The ______ Suicides (1999)Virgin
78.6%
Victor ________ (1982)Victoria
78.1%
_____ Cristina Barcelona (2008)Vicky
72.5%
Blue ______ (1986)Velvet
66.8%
A History of ________ (2005)Violence
61.4%
_______ Blues (1999)Varsity
58.3%
Fantastic ______ (1966)Voyage
55.9%
Crank: High _______ (2009)Voltage
47.8%

Today's Daily Dose

You're not logged in!

Compare scores with friends on all Sporcle quizzes.
OR
Log In

You Might Also Like...

Show Comments

Extras

Top Quizzes Today


Score Distribution

Your Account Isn't Verified!

In order to create a playlist on Sporcle, you need to verify the email address you used during registration. Go to your Sporcle Settings to finish the process.

Report this User

Report this user for behavior that violates our Community Guidelines.

Details: